| 000 | 00536nam a22001937a 4500 | ||
|---|---|---|---|
| 003 | CEME | ||
| 005 | 20210628203054.0 | ||
| 008 | 210218b xxu||||| |||| 00| 0 eng d | ||
| 020 | _a81-7808-113-X | ||
| 040 | _c. | ||
| 082 | _a005.133 KNU | ||
| 100 |
_aKnuth, Donald.E _963161 |
||
| 245 | _aThe art of computer programming, sorting and searching,vol-3 | ||
| 250 | _a2ND | ||
| 260 |
_aINDIA _bPEARSON EDUCATION ASIA _c2002 |
||
| 300 | _aXIII,780P | ||
| 650 |
_aCOMPUTER PROGRAMMING-SORTING AND SEARCHING _963162 |
||
| 942 |
_cBK _2ddc |
||
| 999 |
_c572072 _d572072 |
||